Continuous univariate distributions /

Guardado en:
Autor Principal: Johnson, Norman Lloyd.
Otros Autores: Kotz, Samuel., Balakrishnan, N., 1956-
Formato: Libro
Idioma:English
Publicado: New York : Wiley, c1994-c1995.
Edición:2nd ed.
Series:Wiley series in probability and mathematical statistics
Materias:
Etiquetas: Agregar Etiqueta
Sin Etiquetas, Sea el primero en etiquetar este registro!
LEADER 01398cam a2200313 a 4500
001 MAT.inmabb003547
008 931117m19941995nyua#####b####001#0#eng##
005 20160218174355.0
245 1 0 |a Continuous univariate distributions /  |c Norman L. Johnson, Samuel Kotz, N. Balakrishnan. 
250 |a 2nd ed. 
260 |a New York :  |b Wiley,  |c c1994-c1995. 
300 |a 2 v. :  |b il. ;  |c 25 cm. 
440 0 |a Wiley series in probability and mathematical statistics 
500 |a "A Wiley-Interscience publication." 
504 |a Incluye referencias bibliográficas e índices. 
505 0 |a v. 1: Continuous distributions (general) -- Normal distributions -- Lognormal distributions -- Inverse Gaussian (Wald) distributions -- Cauchy distribution -- Gamma distributions -- Chi-square distributions including chi and Rayleigh -- Exponential distributions -- Pareto distributions -- Weibull distributions. 
510 4 |a MR,  |c 96j:62028  |3 (v. 1) 
510 4 |a MR,  |c 96j:62029  |3 (v. 2) 
500 |a La biblioteca solo posee el vol. 1.  |5 AR-BbIMB 
020 |a 0471584959 (v. 1) 
020 |a 0471584940 (v. 2) 
100 1 |a Johnson, Norman Lloyd. 
700 1 |a Kotz, Samuel. 
700 1 |a Balakrishnan, N.,  |d 1956- 
650 0 |a Distribution (Probability theory) 
084 |a 62E10 (60E05)  |2 msc2000 
010 |a  93045348  
040 |a DLC  |c DLC  |d DLC 
859 |h 62  |i J66u-2  |p A-7528  |v 1  |3 Vol. 1  |b BIB. MATEMATICA